Knee muscles - Statistics

General Stats
  • This quiz has been taken 20 times
  • The average score is 8 of 11
Answer Stats
Hint Answer % Correct
Knee extension , Hip flexion Rectus femoris
91%
Knee flexion , plantarflexion Gastrocnemius
82%
Knee flexion, tibial external rotation Biceps femoris
73%
Knee flexion, tibial internal rotation, Hip add Gracilis
73%
Knee flexion, tibial internal rotation, Hip abd Sartorius
73%
Knee flexion, tibial external rotation Semimembranosus
73%
Knee flexion, tibial external rotation Semitendinosus
73%
Knee extension Vastus lateralis
73%
Knee extension Vastus medialis
73%
Unlocks knee joint Popliteus
36%
Knee extension Vastus intermedialis
36%
No matching quizzes found
Score Distribution
Percent of People with Each Score
Percentile by Number Answered
Your Score History
You have not taken this quiz